[Event "World Rapid Women 2018"]
[Site "St Petersburg RUS"]
[Date "2018.12.28"]
[Round "11.22"]
[White "Shvayger, Yuliya"]
[Black "Zhao, Xue"]
[Result "0-1"]
[WhiteTitle "IM"]
[BlackTitle "GM"]
[WhiteElo "2393"]
[BlackElo "2485"]
[WhiteFideId "14100126"]
[BlackFideId "8601283"]
[EventDate "2018.12.26"]

1. e4 e5 2. Nf3 Nc6 3. Nc3 Nf6 4. Bb5 Bd6 5. d3 a6 6. Ba4 h6 7. a3 O-O 8. g4 Nh7
9. h4 Nd4 10. Nxd4 exd4 11. Ne2 c5 12. Bb3 Be7 13. g5 hxg5 14. hxg5 Bxg5 15. Ng3
Bxc1 16. Rxc1 Qg5 17. Rh5 Qg6 18. Qd2 d6 19. Kf1 Be6 20. Kg2 Bxb3 21. cxb3 f5
22. exf5 Qe8 23. Rch1 Qc6+ 24. f3 Nf6 25. R5h4 Rae8 26. Qg5 Kf7 27. Ne4 d5 28.
Ng3 Re3 29. Rh8 Rg8 30. Qg6+ Kf8 31. Nh5 Nxh5 32. Qxh5 Qf6 33. Qh2 Re2+ 0-1

[Event "World Rapid Women 2018"]
[Site "St Petersburg RUS"]
[Date "2018.12.28"]
[Round "11.23"]
[White "Ambartsumova, Karina"]
[Black "Sudakova, Irina"]
[Result "1/2-1/2"]
[WhiteTitle "WGM"]
[BlackTitle "WGM"]
[WhiteElo "2383"]
[BlackElo "2313"]
[WhiteFideId "4166299"]
[BlackFideId "4129903"]
[EventDate "2018.12.26"]

1. c4 e6 2. Nc3 d5 3. d4 c6 4. Nf3 dxc4 5. a4 Bb4 6. e4 b5 7. Bd2 a5 8. Be2 Bxc3
9. bxc3 h6 10. O-O Nf6 11. Qc2 Nbd7 12. Rfb1 Ba6 13. e5 Nd5 14. Qa2 N7b6 15.
axb5 Bxb5 16. Qc2 O-O 17. Qe4 f5 18. exf6 Qxf6 19. Bd1 Qf5 20. Bc2 Qxe4 21. Bxe4
a4 22. Ra3 Rab8 23. Ne5 Rb7 24. h4 Rfb8 25. g4 Kf8 26. g5 hxg5 27. hxg5 Ke8 28.
Kg2 Nd7 29. Rh1 Nxe5 30. dxe5 Kd8 31. Rh7 Rd7 32. g6 Kc7 33. Bg5 Rf8 34. Kg3 Kb6
35. Bxd5 exd5 36. e6 Rb7 37. e7 Rg8 38. Rxg7 Rbb8 39. Rxg8 Rxg8 40. g7 c5 41.
Bf6 Kc6 42. Kf4 Kd6 43. Kf5 Bd7+ 44. Kg6 Ke6 45. Ra1 Be8+ 46. Kg5 Bd7 47. f4 Kf7
48. f5 Ra8 49. Ra3 Rb8 50. Be5 Rb2 51. Ra1 Rg2+ 52. Kh4 Kxe7 53. Kh3 Rg5 54. Kh4
Rg2 55. Ra2 Rg1 56. Ra1 Rg2 57. Kh3 Rg5 58. Kh4 Rg2 59. Ra2 Rg1 60. Ra1 Rg2 61.
Kh3 Rg5 62. Kh4 Rg2 1/2-1/2

[Event "World Rapid Women 2018"]
[Site "St Petersburg RUS"]
[Date "2018.12.28"]
[Round "11.24"]
[White "Berend, Elvira"]
[Black "Protopopova, Anastasiya"]
[Result "1/2-1/2"]
[WhiteTitle "WGM"]
[BlackTitle "WFM"]
[WhiteElo "2332"]
[BlackElo "2304"]
[WhiteFideId "4000510"]
[BlackFideId "24172073"]
[EventDate "2018.12.26"]

1. d4 d5 2. Nf3 Nf6 3. g3 b5 4. Bg2 Bb7 5. O-O e6 6. c3 c5 7. Bg5 Nbd7 8. Ne5
Be7 9. Nd2 Nxe5 10. dxe5 Nd7 11. Bxe7 Qxe7 12. f4 O-O 13. e4 Nb6 14. Qe2 a6 15.
exd5 exd5 16. f5 Rfe8 17. Rae1 Nd7 18. Nf3 Qd8 19. Qd2 Qc7 20. e6 fxe6 21. fxe6
Nf6 22. Ng5 Re7 23. Rf5 Rae8 24. b4 cxb4 25. cxb4 h6 26. Rxf6 gxf6 27. Nf7 Rxe6
28. Nxh6+ Kf8 29. Rf1 Qb6+ 30. Kh1 d4 31. Qg5 Bxg2+ 32. Kxg2 Qb7+ 33. Kg1 Qg7
34. Qc5+ Qe7 35. Qg5 Qg7 36. Qc5+ Qe7 37. Qg5 Qg7 1/2-1/2

[Event "World Rapid Women 2018"]
[Site "St Petersburg RUS"]
[Date "2018.12.28"]
[Round "11.25"]
[White "Styazhkina, Anna"]
[Black "Guichard, Pauline"]
[Result "0-1"]
[WhiteTitle "WIM"]
[BlackTitle "WGM"]
[WhiteElo "2274"]
[BlackElo "2378"]
[WhiteFideId "24119300"]
[BlackFideId "639370"]
[EventDate "2018.12.26"]

1. e4 e5 2. Nc3 Nc6 3. Bc4 Nf6 4. d3 Na5 5. Bb3 Bc5 6. Qf3 c6 7. Bg5 h6 8. Bxf6
Qxf6 9. Qxf6 gxf6 10. Nf3 d6 11. h3 f5 12. Ke2 Ke7 13. Rad1 Nxb3 14. axb3 Bb6
15. d4 fxe4 16. Nxe4 Bf5 17. Ned2 exd4 18. Rc1 d5 19. Nf1 Rae8 20. Ng3 Kd7+ 21.
Kd2 Be4 22. Rcd1 Re6 23. Kc1 c5 24. Nh4 Rg8 25. Rhe1 Bd8 26. Nxe4 dxe4 27. g3
Bxh4 28. gxh4 Kd6 29. b4 b6 30. c3 Kd5 31. Kc2 Rg2 32. Rd2 Rf6 33. bxc5 bxc5 34.
Ree2 d3+ 35. Kb3 c4+ 36. Ka4 Ra6+ 37. Kb5 Rb6+ 38. Ka5 Rg1 0-1

[Event "World Rapid Women 2018"]
[Site "St Petersburg RUS"]
[Date "2018.12.28"]
[Round "11.26"]
[White "Kovanova, Baira"]
[Black "Garcia Martin, Marta"]
[Result "0-1"]
[WhiteTitle "WGM"]
[BlackTitle "FM"]
[WhiteElo "2352"]
[BlackElo "2301"]
[WhiteFideId "4164083"]
[BlackFideId "32084030"]
[EventDate "2018.12.26"]

1. Nf3 Nf6 2. g3 b6 3. Bg2 Bb7 4. d3 g6 5. e4 d6 6. b3 Bg7 7. Bb2 O-O 8. O-O c5
9. Qe2 Nc6 10. Nbd2 Re8 11. Nh4 Nxe4 12. Bxg7 Nxd2 13. Qxd2 Kxg7 14. f4 e6 15.
Qf2 Rb8 16. c3 Qf6 17. Rac1 b5 18. a3 a5 19. Nf3 b4 20. axb4 axb4 21. d4 bxc3
22. dxc5 d5 23. Rfd1 Ba6 24. Qa2 Nb4 25. Qa3 Be2 26. Rd4 Nc6 27. Ra4 Bb5 28. Ra5
d4 29. Ne5 Nxe5 30. fxe5 Qxe5 31. c6 d3 32. b4 d2 0-1

[Event "World Rapid Women 2018"]
[Site "St Petersburg RUS"]
[Date "2018.12.28"]
[Round "11.27"]
[White "Dordzhieva, Dinara"]
[Black "Munkhzul, Turmunkh"]
[Result "0-1"]
[WhiteTitle "WIM"]
[BlackTitle "WFM"]
[WhiteElo "2340"]
[BlackElo "2255"]
[WhiteFideId "24157570"]
[BlackFideId "4901878"]
[EventDate "2018.12.26"]

1. Nf3 Nf6 2. c4 g6 3. g3 Bg7 4. Bg2 O-O 5. d4 d6 6. Nc3 Nc6 7. O-O a6 8. b3 Rb8
9. Bb2 Bf5 10. Nh4 Bd7 11. Rc1 e5 12. d5 Ne7 13. Nf3 Ne8 14. e4 Bh6 15. Rc2 f5
16. c5 Nf6 17. cxd6 cxd6 18. Nd2 b5 19. b4 Qb6 20. Nb3 Rbc8 21. Na5 Rc7 22. Nc6
Nc8 23. a4 f4 24. a5 Qb7 25. Ne2 fxg3 26. hxg3 Bxc6 27. dxc6 Rxc6 28. Rxc6 Qxc6
29. Qb3+ Kh8 30. f4 Qc7 31. fxe5 dxe5 32. Qe6 Qe7 33. Qxe7 Nxe7 34. Bxe5 Bg7 35.
Bd6 Re8 36. e5 Ng4 37. Rf7 Nf5 38. Bc6 Nxd6 39. Bxe8 Nxf7 40. Bxf7 Nxe5 41. Be8
Bf8 42. Nc3 Bxb4 43. Nd5 Bxa5 44. Kg2 Kg8 45. Nf6+ Kf8 46. Nd7+ Kxe8 47. Nxe5
Bc7 48. Ng4 Ke7 49. Kf3 a5 50. Ne3 Ke6 51. g4 a4 52. Nc2 Kd5 53. Ke3 Kc4 54.
Na3+ Kb4 55. Nc2+ Kc3 56. Nd4 Kc4 57. Ne6 Bb6+ 58. Kd2 a3 59. Kc2 Bd4 0-1

[Event "World Rapid Women 2018"]
[Site "St Petersburg RUS"]
[Date "2018.12.28"]
[Round "11.28"]
[White "Petrova, Irina"]
[Black "Gritsayeva, Oksana"]
[Result "1/2-1/2"]
[WhiteTitle "WIM"]
[BlackTitle "WFM"]
[WhiteElo "2124"]
[BlackElo "2378"]
[WhiteFideId "14124122"]
[BlackFideId "14104652"]
[EventDate "2018.12.26"]

1. d4 Nf6 2. Bg5 Ne4 3. Bf4 c5 4. f3 Nf6 5. dxc5 Qa5+ 6. Nc3 Nc6 7. e4 a6 8. Qd2
e5 9. Bg5 Bxc5 10. Bc4 d6 11. Bxf6 gxf6 12. Nd5 Qxd2+ 13. Kxd2 Be6 14. Nxf6+ Ke7
15. Nd5+ Bxd5 16. Bxd5 Rhg8 17. g3 Rac8 18. Ne2 Rgf8 19. g4 Nd4 20. Nxd4 Bxd4
21. c3 Bf2 22. Bxb7 Rb8 23. Bxa6 Rxb2+ 24. Kd3 Rfb8 25. Bc4 Bh4 26. Bb3 Bg5 27.
c4 Rf2 28. Raf1 Rd2+ 29. Kc3 Bf4 30. h4 Re2 31. Rd1 Rc8 32. Rd3 Be3 33. Rdd1 Rf2
34. Rhf1 Bd4+ 35. Kd3 Rg2 36. Rd2 Rg3 37. Ba4 Ra8 38. Bb5 Ra3+ 39. Ke2 Rg2+ 40.
Kd1 Rxa2 41. Rxg2 Rxg2 42. Bc6 Rh2 43. h5 Be3 44. Bd5 f6 45. Bg8 h6 46. Bd5 Kd7
47. Re1 Rd2+ 48. Kc1 Bf4 49. Kb1 Kc7 50. Rc1 Kb6 51. Rc2 Rd1+ 52. Ka2 Kc5 53.
Rc3 Rd2+ 54. Ka3 Rf2 55. Rd3 Bc1+ 56. Kb3 Bd2 57. Be6 Bf4 58. Rd5+ Kc6 59. Rd3
Bc1 60. Bf7 Bb2 61. Be8+ Kc7 62. Bf7 Bd4 63. Bd5 Kb6 64. Be6 Kc5 65. Bf7 Rb2+
66. Ka3 Rb7 67. Bd5 Rb1 68. Ka2 Rb2+ 69. Ka3 Rb1 70. Ka2 Ra1+ 71. Kb3 Kb6 72.
Kc2 Ra2+ 73. Kb1 Rb2+ 74. Kc1 Rf2 75. Rb3+ Ka5 76. Kd1 Ka4 77. Rd3 Kb4 78. Ke1
Ra2 79. Kf1 Bc5 80. Ke1 Rb2 81. Rd2 Rb1+ 82. Ke2 Bd4 83. Rd1 1/2-1/2

[Event "World Rapid Women 2018"]
[Site "St Petersburg RUS"]
[Date "2018.12.28"]
[Round "11.29"]
[White "Drozdova, Dina"]
[Black "Danielian, Elina"]
[Result "0-1"]
[WhiteTitle "WIM"]
[BlackTitle "GM"]
[WhiteElo "2178"]
[BlackElo "2427"]
[WhiteFideId "4170695"]
[BlackFideId "13300210"]
[EventDate "2018.12.26"]

1. d4 d6 2. e4 g6 3. Nc3 Bg7 4. Be3 a6 5. Qd2 Nd7 6. f3 b5 7. Nge2 Bb7 8. Nd1 e6
9. Nf2 Nb6 10. b3 c5 11. Rd1 c4 12. Ng3 Qc7 13. Be2 h5 14. h4 Ne7 15. Nh3 a5 16.
O-O b4 17. Kh2 Ba6 18. Qe1 Nd7 19. Qd2 c3 20. Qe1 Bxe2 21. Nxe2 a4 22. Nef4 axb3
23. axb3 Ra2 24. Qf2 d5 25. Ra1 Rxa1 26. Rxa1 dxe4 27. fxe4 O-O 28. Qg3 Nf6 29.
Nf2 Qc6 30. Qf3 Ng4+ 31. Kg1 Nxe3 32. Qxe3 Rd8 33. e5 Nf5 34. Qe4 Nxd4 35. Qxc6
Nxc6 36. N2d3 Bxe5 37. Ra6 Bxf4 38. Rxc6 Be3+ 39. Kf1 Rd4 40. Ke2 Bh6 41. g3 Kg7
42. Kf3 Kf6 43. Rc7 e5 44. Nc5 Bf8 45. Nd7+ Ke7 46. Nxe5+ Kd6 47. Rxf7 Kxe5 48.
Rxf8 Rd2 49. Re8+ Kf6 50. Re4 Rxc2 51. Rxb4 Rb2 52. Rb6+ Ke5 53. Ke3 Rg2 54.
Rb5+ Kd6 55. Rb6+ Kc5 56. Rb8 Rxg3+ 57. Kf4 Rg4+ 58. Ke5 Rxh4 59. b4+ Rxb4 0-1

[Event "World Rapid Women 2018"]
[Site "St Petersburg RUS"]
[Date "2018.12.28"]
[Round "11.30"]
[White "Molchanova, Tatjana"]
[Black "Michna, Marta"]
[Result "0-1"]
[WhiteTitle "WGM"]
[BlackTitle "WGM"]
[WhiteElo "2245"]
[BlackElo "2333"]
[WhiteFideId "4132203"]
[BlackFideId "1106686"]
[EventDate "2018.12.26"]

1. e4 e6 2. d3 c5 3. Nd2 Nc6 4. g3 g6 5. Bg2 Bg7 6. Ngf3 Nge7 7. O-O d5 8. c3 a5
9. a4 b6 10. Re1 Ba6 11. exd5 Nxd5 12. Nc4 O-O 13. Qe2 Qc7 14. Bd2 Rfe8 15. Rad1
Rad8 16. Bc1 e5 17. h4 h6 18. h5 g5 19. Nh2 f5 20. Bxd5+ Rxd5 21. Ne3 Rdd8 22.
Nxf5 e4 23. Ng4 Bxd3 24. Qe3 Ne5 25. Nfxh6+ Bxh6 26. Nxh6+ Kh7 27. Kh1 Nf3 28.
Ng4 Qf7 29. Kg2 Nxe1+ 30. Rxe1 Qf3+ 0-1

[Event "World Rapid Women 2018"]
[Site "St Petersburg RUS"]
[Date "2018.12.28"]
[Round "11.31"]
[White "Solozhenkina, Elizaveta"]
[Black "Fominykh, Maria"]
[Result "1-0"]
[WhiteTitle "WIM"]
[BlackTitle "WGM"]
[WhiteElo "2258"]
[BlackElo "2259"]
[WhiteFideId "34106615"]
[BlackFideId "4142411"]
[EventDate "2018.12.26"]

1. Nf3 Nf6 2. g3 g6 3. Bg2 Bg7 4. d4 O-O 5. O-O d6 6. Nc3 Nbd7 7. e4 e5 8. Re1
c6 9. a4 a5 10. h3 Re8 11. Be3 h6 12. Qd2 Kh7 13. Rad1 Qe7 14. Nh2 Nf8 15. f4
Nh5 16. Qf2 exd4 17. Bxd4 Bxd4 18. Rxd4 d5 19. Rdd1 dxe4 20. Nxe4 Be6 21. g4 Ng7
22. Nf3 f5 23. Nc5 Qc7 24. Ne5 Rad8 25. b3 Bg8 26. Kh1 Nfe6 27. Ncd7 Kh8 28.
Nxg6+ Kh7 29. Nge5 Rxd7 30. Rxd7 Qc8 31. gxf5 Nf8 32. Qg3 Nxd7 33. Qg6+ Kh8 34.
Qxh6+ Bh7 35. Ng6+ Kg8 36. Ne7+ Rxe7 37. Rxe7 Qf8 38. Rxd7 Bxf5 39. Rxb7 Bxc2
40. Bxc6 1-0

[Event "World Rapid Women 2018"]
[Site "St Petersburg RUS"]
[Date "2018.12.28"]
[Round "11.32"]
[White "Vega Gutierrez, Sabrina"]
[Black "Tsolakidou, Stavroula"]
[Result "0-1"]
[WhiteTitle "IM"]
[BlackTitle "IM"]
[WhiteElo "2390"]
[BlackElo "2387"]
[WhiteFideId "2219026"]
[BlackFideId "4264312"]
[EventDate "2018.12.26"]

1. e4 c5 2. Nf3 d6 3. d4 cxd4 4. Nxd4 Nf6 5. Nc3 a6 6. f3 e5 7. Nb3 Be6 8. Be3
h5 9. Qd2 Nbd7 10. a4 Rc8 11. a5 Qc7 12. Be2 Be7 13. O-O O-O 14. Rfc1 Qc6 15.
Rd1 Rfd8 16. Rac1 Qc7 17. Nd5 Nxd5 18. exd5 Bf5 19. c4 Nc5 20. Na1 e4 21. b4 Nd3
22. Bb6 Qd7 23. Rc2 Ne5 24. fxe4 Bxe4 25. Rc3 Re8 26. c5 dxc5 27. bxc5 Qf5 28.
Rf1 Bg5 29. Qd4 Qg6 30. Rg3 Nd7 31. c6 bxc6 32. Bxa6 h4 33. Bxc8 hxg3 34. h4 Qh6
35. Bxd7 f5 36. Bxe8 Qxh4 37. Rf3 Qh2+ 38. Kf1 Bxf3 39. Qg1 Bxd5 40. Nc2 Qh4 41.
Qd4 Bc4+ 42. Ke1 Qh1+ 43. Qg1 Qh6 44. Kd1 Qe6 45. Bh5 Bb3 46. Qc5 Qe4 47. Qc3
Qd5+ 48. Ke1 Kh8 49. Be2 Qxg2 50. Qxb3 Qh1+ 51. Bf1 g2 52. Qd3 Bh4+ 53. Kd2
gxf1=Q 54. Qxf1 Qxf1 0-1

[Event "World Rapid Women 2018"]
[Site "St Petersburg RUS"]
[Date "2018.12.28"]
[Round "11.33"]
[White "Kabanova, Ekaterina"]
[Black "Nakhbayeva, Guliskhan"]
[Result "1-0"]
[WhiteTitle "WFM"]
[BlackTitle "IM"]
[WhiteElo "2095"]
[BlackElo "2371"]
[WhiteFideId "24112917"]
[BlackFideId "13704788"]
[EventDate "2018.12.26"]

1. c4 e5 2. e3 Nf6 3. a3 a5 4. b3 Nc6 5. Bb2 g6 6. Qc2 Bg7 7. d3 O-O 8. Nf3 Re8
9. Nbd2 d5 10. cxd5 Nxd5 11. Be2 Qd7 12. Rc1 Nd8 13. Nc4 f6 14. Qd2 b6 15. Qc2
Bb7 16. O-O Nf7 17. Rfe1 f5 18. Qb1 Rad8 19. Qa1 Qe7 20. h3 Bf6 21. d4 exd4 22.
Bxd4 Bxd4 23. Nxd4 Ng5 24. Nf3 Ne4 25. Nce5 c5 26. Bb5 Rf8 27. Red1 Rd6 28. Bc4
Rfd8 29. Rd3 Qf6 30. Rcd1 Kg7 31. h4 Kh6 32. Ng5 Kh5 33. Nxe4 fxe4 34. Rxd5 Bxd5
35. Be2+ Kxh4 36. Rxd5 Qe6 37. f4 exf3 38. Nxf3+ 1-0

[Event "World Rapid Women 2018"]
[Site "St Petersburg RUS"]
[Date "2018.12.28"]
[Round "11.34"]
[White "Nebolsina, Vera"]
[Black "Maltsevskaya, Aleksandra"]
[Result "1-0"]
[WhiteTitle "WGM"]
[BlackTitle "WGM"]
[WhiteElo "2242"]
[BlackElo "2243"]
[WhiteFideId "4163591"]
[BlackFideId "24174041"]
[EventDate "2018.12.26"]

1. e4 c5 2. Nc3 Nc6 3. Bb5 e6 4. Nf3 Nd4 5. O-O Nxb5 6. Nxb5 d6 7. d4 a6 8. Nc3
cxd4 9. Qxd4 Bd7 10. Bg5 f6 11. Bh4 Nh6 12. Nd2 Be7 13. Nc4 Nf7 14. Bg3 e5 15.
Qe3 O-O 16. Nb6 f5 17. f4 Rb8 18. Nxd7 Qxd7 19. Nd5 Rbe8 20. fxe5 Bg5 21. Qb3
fxe4 22. exd6 Kh8 23. Nb6 Qe6 24. Qxe6 Rxe6 25. Nd7 Kg8 26. Nxf8 Kxf8 27. Rae1
Bf6 28. c3 Ke8 29. Re3 Kd7 30. Rfe1 Nxd6 31. Bxd6 Rxd6 32. Rxe4 Rd2 33. R4e2 Rd5
34. g3 b5 35. Kg2 a5 36. Rf1 Rd3 37. Rf3 Rd1 38. Rf5 Kc6 39. Re6+ Kd7 40. Ra6 b4
41. Raxa5 bxc3 42. bxc3 Bxc3 43. Rfd5+ 1-0

[Event "World Rapid Women 2018"]
[Site "St Petersburg RUS"]
[Date "2018.12.28"]
[Round "11.35"]
[White "Shafigullina, Zarina"]
[Black "Maletina, Tatiana"]
[Result "0-1"]
[WhiteTitle "WFM"]
[BlackTitle "WIM"]
[WhiteElo "2140"]
[BlackElo "2270"]
[WhiteFideId "24174220"]
[BlackFideId "24145084"]
[EventDate "2018.12.26"]

1. d4 e6 2. Nf3 f5 3. g3 b6 4. Bg2 Bb7 5. O-O Nf6 6. c4 Bd6 7. Nc3 O-O 8. a3 Ne4
9. Nb5 Be7 10. Bf4 d6 11. Nd2 Nd7 12. Nxe4 fxe4 13. d5 e5 14. Be3 Nf6 15. Bc1
Qd7 16. Nc3 Qg4 17. e3 Qg6 18. Qc2 Bc8 19. Nxe4 Kh8 20. Bd2 Bf5 21. f3 Qh6 22.
Qd1 Bxe4 23. fxe4 Qg6 24. Qc2 Ng4 25. h3 Nf6 26. Kh2 Qh6 27. Qd1 Qg6 28. Qf3
Nxd5 29. Qg4 Qxg4 30. hxg4 Nf6 31. Kh3 h6 32. Rf5 Nh7 33. Raf1 Ng5+ 34. Kh2 Bf6
35. Bc3 a5 36. b3 Kg8 37. R1f2 Kf7 38. Rd2 Ke6 39. Rf1 Be7 40. Rdf2 Bf6 41. Rd1
Ke7 42. Rdf1 Ne6 43. Ra1 Bg5 44. Re2 Nc5 45. Rb1 Nd3 46. Kg1 Nc5 47. Bd2 Rf7 48.
Bc3 Raf8 49. b4 axb4 50. axb4 Nd3 51. Rd1 Nf2 52. Rd5 Nxg4 53. Rd3 Ra8 54. Bh3
h5 55. Bxg4 hxg4 56. c5 bxc5 57. bxc5 Rb8 58. cxd6+ cxd6 59. Kg2 Ke6 60. Red2
Rb6 61. Ba5 Rc6 62. Bb4 Be7 63. Bc3 Rf8 64. Bb4 Rb8 65. Ba3 Rb1 66. Kf2 Rbb6 67.
Rd5 Rc4 68. Ra5 Rxe4 69. Ra7 Bg5 70. Rd3 Bxe3+ 71. Rxe3 Rxe3 72. Kxe3 Rb3+ 73.
Kf2 d5 74. Bc1 g6 75. Rg7 Kf5 76. Rf7+ Ke4 77. Rg7 Rf3+ 78. Kg2 Rc3 79. Bg5 Rc2+
80. Kg1 Kf3 81. Bf6 e4 82. Be5 e3 83. Rf7+ Ke4 84. Bf4 d4 85. Kf1 Kd3 86. Re7
Rf2+ 87. Kg1 Ke2 88. Be5 d3 89. Bd4 Rf3 90. Kg2 d2 0-1

[Event "World Rapid Women 2018"]
[Site "St Petersburg RUS"]
[Date "2018.12.28"]
[Round "11.36"]
[White "Haussernot, Cecile"]
[Black "Komiagina, Maria"]
[Result "1-0"]
[WhiteTitle "WIM"]
[BlackTitle "WIM"]
[WhiteElo "2196"]
[BlackElo "2234"]
[WhiteFideId "601632"]
[BlackFideId "4153987"]
[EventDate "2018.12.26"]

1. e4 c5 2. Nf3 Nc6 3. Nc3 e6 4. d4 cxd4 5. Nxd4 d6 6. Be3 Nf6 7. f3 a6 8. Qd2
Qc7 9. g4 b5 10. a3 Rb8 11. Be2 Be7 12. O-O Ne5 13. g5 Nfd7 14. f4 Nc4 15. Bxc4
bxc4 16. f5 Ne5 17. fxe6 fxe6 18. Nce2 Ng6 19. Ng3 Rxb2 20. Nh5 Bf8 21. Qc3 Rb8
22. Rf2 Ne5 23. h3 Qb7 24. Qa5 Bd7 25. Ng3 Qc8 26. Raf1 c3 27. Nh5 Rg8 28. g6 h6
29. Bxh6 Bb5 30. Rb1 Nxg6 31. Bg5 Be7 32. Bxe7 Nxe7 33. a4 Bd7 34. Rxb8 Qxb8 35.
Qxc3 Qb1+ 36. Kh2 Qd1 37. Ng3 e5 38. Nf3 Qb1 39. Qc4 Qb8 40. Ng5 d5 41. exd5 Qc8
42. Qe4 Qc7 43. Nf7 Qc5 44. Qf3 Qxd5 45. Qh5 g6 46. Qh7 Bf5 47. Nh6 Rf8 48.
Nhxf5 gxf5 49. Qh5+ Kd8 50. c4 Qd4 51. Qf3 Kc7 52. Re2 f4 53. Ne4 Nf5 54. Ng5
Re8 55. Qg4 Qd3 56. Ne4 Rg8 57. Qh5 Rh8 58. Qf7+ Qd7 59. Qf6 Re8 60. Qxa6 Qc6
61. Qa5+ Qb6 62. Qd5 Nd4 63. Qf7+ Kc6 64. Qxe8+ 1-0

[Event "World Rapid Women 2018"]
[Site "St Petersburg RUS"]
[Date "2018.12.28"]
[Round "11.37"]
[White "Sviridova, Vlada"]
[Black "Skripchenko, Almira"]
[Result "1-0"]
[WhiteTitle "WFM"]
[BlackTitle "IM"]
[WhiteElo "2144"]
[BlackElo "2408"]
[WhiteFideId "24109606"]
[BlackFideId "13900145"]
[EventDate "2018.12.26"]

1. d4 d6 2. Nf3 g6 3. c4 Bg7 4. Nc3 Nd7 5. e4 e5 6. Be2 Ngf6 7. O-O O-O 8. Be3
Re8 9. d5 Nc5 10. Nd2 a5 11. a3 a4 12. Bxc5 dxc5 13. Nxa4 b6 14. Nc3 h5 15. b4
Bf8 16. b5 Ng4 17. h3 Nf6 18. a4 Nh7 19. Nf3 Bh6 20. Ra3 f5 21. Qa1 Nf6 22. Bd3
g5 23. a5 g4 24. hxg4 hxg4 25. Nh2 f4 26. axb6 Rxa3 27. Qxa3 cxb6 28. Ra1 g3 29.
fxg3 fxg3 30. Nf3 Ng4 31. Nd1 Qf6 32. Qa8 Bd7 33. Qb7 Qd6 34. Ra7 Nf6 35. Ra8
Rxa8 36. Qxa8+ Be8 37. Kf1 Qf8 38. Qd8 Ng4 39. Qxb6 Nh2+ 40. Ke2 Nxf3 41. gxf3
Qf4 42. Qe6+ Bf7 43. Qg4+ Kf8 44. Qxf4 exf4 45. b6 Bg7 46. Kf1 Be8 47. b7 Be5
48. Nc3 Ke7 49. Bc2 Bd7 50. Kg2 Kd8 51. Ba4 Bxa4 52. Nxa4 Kc7 53. Nxc5 Bd6 54.
Nd3 1-0

[Event "World Rapid Women 2018"]
[Site "St Petersburg RUS"]
[Date "2018.12.28"]
[Round "11.38"]
[White "Garifullina, Leya"]
[Black "Vo, Thi Kim Phung"]
[Result "0-1"]
[WhiteTitle "WCM"]
[BlackTitle "WGM"]
[WhiteElo "2132"]
[BlackElo "2352"]
[WhiteFideId "34127035"]
[BlackFideId "12401838"]
[EventDate "2018.12.26"]

1. e4 e6 2. d4 d5 3. Nc3 Nf6 4. e5 Nfd7 5. f4 c5 6. Nf3 Nc6 7. Be3 Be7 8. Qd2 c4
9. Ne2 b5 10. g4 Nb6 11. Ng3 g6 12. f5 gxf5 13. gxf5 exf5 14. Nh5 Rg8 15. Bh6
Be6 16. h4 Kd7 17. Bg5 Kc7 18. Bxe7 Qxe7 19. Nf6 Rg7 20. h5 Nd7 21. O-O-O Nxf6
22. exf6 Qxf6 23. Qf4+ Kb7 24. Bh3 Rag8 25. Qd6 Qe7 26. Qh2 Qc7 27. Ne5 Nxe5 28.
dxe5 Rg3 29. Qe2 f4 30. Bxe6 fxe6 31. Qd2 Qxe5 32. Qb4 Kb6 33. a4 Qe3+ 34. Kb1
Qc5 35. Qe1 Re3 36. a5+ Ka6 37. Qh4 Rf8 38. Rhf1 Re4 39. Rf3 b4 40. Qg5 Qc7 41.
Qh6 Rf5 42. Rdf1 Kxa5 43. c3 b3 44. Kc1 Qe5 45. Kd1 Rf7 46. R3f2 Re3 47. Kd2 Qe4
48. Ra1+ Kb5 49. Kd1 Re1+ 50. Kd2 Qe3# 0-1

[Event "World Rapid Women 2018"]
[Site "St Petersburg RUS"]
[Date "2018.12.28"]
[Round "11.39"]
[White "Nomin-Erdene, Davaademberel"]
[Black "Dumcheva, Julia"]
[Result "0-1"]
[WhiteTitle "IM"]
[BlackTitle "WFM"]
[WhiteElo "2376"]
[BlackElo "2168"]
[WhiteFideId "4900782"]
[BlackFideId "24143375"]
[EventDate "2018.12.26"]

1. e4 e6 2. d4 d5 3. Nc3 Nf6 4. e5 Nfd7 5. f4 c5 6. Nf3 Nc6 7. Be3 cxd4 8. Nxd4
Bb4 9. a3 Bxc3+ 10. bxc3 a6 11. Be2 Qh4+ 12. g3 Qe7 13. Nb3 O-O 14. O-O f6 15.
exf6 Qxf6 16. Qd2 Qf7 17. Nc5 Nf6 18. Bf3 e5 19. Bg2 e4 20. h3 Qh5 21. Qd1 Bg4
22. hxg4 Nxg4 23. Re1 Qh2+ 24. Kf1 Qxg3 25. Qxd5+ Kh8 26. Qxe4 Nce5 27. Ne6 Rf6
28. Ng5 Ng6 29. Nf3 Raf8 30. Kg1 Nxf4 31. Bxf4 Rxf4 32. Qe3 Rxf3 33. Qxf3 Qh2+
34. Kf1 Rxf3+ 35. Ke2 Qxg2+ 36. Kd1 Ne3+ 0-1

[Event "World Rapid Women 2018"]
[Site "St Petersburg RUS"]
[Date "2018.12.28"]
[Round "11.40"]
[White "Murashova, Ekaterina"]
[Black "Chernyak, Viktoria"]
[Result "0-1"]
[WhiteTitle "WIM"]
[BlackTitle "WFM"]
[WhiteElo "2259"]
[BlackElo "2186"]
[WhiteFideId "4171985"]
[BlackFideId "24165956"]
[EventDate "2018.12.26"]

1. e4 c5 2. Nf3 g6 3. d4 cxd4 4. Nxd4 Nc6 5. Nc3 Bg7 6. Be3 Nf6 7. Be2 O-O 8.
Nb3 d6 9. g4 a6 10. h4 b5 11. a3 Na5 12. g5 Nd7 13. h5 Nxb3 14. cxb3 Bb7 15.
hxg6 hxg6 16. Bd4 e5 17. Be3 Nc5 18. f3 Ne6 19. Qd2 Nd4 20. Bxd4 exd4 21. Nd5
Bxd5 22. exd5 Qe7 23. O-O-O Qe5 24. Bd3 Qxd5 25. Bc2 Qxf3 26. Qh2 Rfe8 27. Rdf1
Qe3+ 28. Kb1 d3 29. Qh7+ Kf8 30. Rxf7+ Kxf7 31. Rf1+ Ke6 32. Qxg6+ Kd5 33. Rd1
Kc6 34. Rxd3 Qe5 35. Rc3+ Kb6 36. Ka2 Rac8 37. Qd3 Rxc3 38. bxc3 Kc7 39. Kb2
Qxg5 40. a4 Qe5 41. axb5 axb5 42. b4 Rc8 0-1

[Event "World Rapid Women 2018"]
[Site "St Petersburg RUS"]
[Date "2018.12.28"]
[Round "11.41"]
[White "Khomeriki, Nino"]
[Black "Nazarova, Anastasia"]
[Result "1/2-1/2"]
[WhiteTitle "WIM"]
[BlackTitle "WFM"]
[WhiteElo "2347"]
[BlackElo "2157"]
[WhiteFideId "13603191"]
[BlackFideId "34101737"]
[EventDate "2018.12.26"]

1. d4 d5 2. Nf3 Nf6 3. e3 e6 4. Bd3 Be7 5. O-O O-O 6. Nbd2 b6 7. b3 Bb7 8. Bb2
Nbd7 9. Ne5 Ne4 10. Qe2 Nxe5 11. Bxe4 dxe4 12. dxe5 Qd5 13. Rfd1 Rfd8 14. Nf1
Qc6 15. Ng3 g6 16. Rd4 Rxd4 17. exd4 Bh4 18. Rd1 Rd8 19. Bc1 Kf8 20. c4 a5 21.
Bb2 Ke8 22. Qg4 e3 23. d5 exf2+ 24. Kf1 exd5 25. Qxh4 d4 26. Qh3 b5 27. Kxf2 d3
28. Nf1 bxc4 29. bxc4 Qb6+ 30. Ke1 Qxb2 31. Rxd3 Qb1+ 32. Ke2 Qxa2+ 33. Nd2 Rxd3
34. Qxd3 Bxg2 35. Qg3 Bc6 36. e6 fxe6 37. Qxc7 Bd7 38. Qe5 Qa3 39. c5 Qa4 40.
Qh8+ Ke7 41. Qxh7+ Kd8 42. Qxg6 Qb5+ 43. Qd3 Qxc5 44. Qb3 Qb5+ 45. Qxb5 Bxb5+
46. Ke3 Ke7 47. Kd4 a4 48. Kc5 Be8 49. Kb4 Kf6 50. h4 Kg6 51. Ne4 e5 52. h5+ Kh6
53. Nf6 Bc6 54. Ng4+ Kxh5 55. Nxe5 Be8 56. Nd3 Kg5 57. Nb2 Kf4 58. Nxa4 Bxa4 59.
Kxa4 1/2-1/2